000 00981nam a2200265Ia 4500
003 OSt
005 20220923211347.0
006 a|||||r|||| 00| 0
007 ta
008 220922b |||||||| |||| 00| 0 hin d
020 _a9788184555738 (hbk)
_c650
024 _a289,530
037 _b100, 09/03/2016, Mallika Books
_cTextual
040 _aARTS
_cARTS
_bhin
041 _2hin
_ahin
082 _aO152,3N251:g(R), Q5
100 _aयादव, गीता
245 0 _aआस्तित्ववाद और मोहन राकेश का साहित्य
246 _aĀstitvavād aur mohan rākesh kā sāhitya
260 _aदिल्ली
_b ओमेगा पब्लिकेशन्स
_c2015
300 _a216पृ.
_ccm.
650 _aहिन्दी साहित्य
_9156264
942 _hO152,3N251:g(R), Q5
_cTEXL
_2CC
999 _c298763
_d298763